Socio-economic development of women through self help groups in Rayalaseema region of Andhra Pradesh : (Record no. 27016)

MARC details
000 -LEADER
fixed length control field 00611nam a2200145Ia 4500
041 ## - LANGUAGE CODE
Language code of text/sound track or separate title English
082 ## - DEWEY DECIMAL CLASSIFICATION NUMBER
Classification number RS.0801
100 ## - MAIN ENTRY--AUTHOR NAME
Personal name Sankaraiah, T.
Affiliation Department of Econometrics, Sri Venkateswara University
245 #0 - TITLE STATEMENT
Title Socio-economic development of women through self help groups in Rayalaseema region of Andhra Pradesh :
Sub Title a case study of scheduled castes and scheduled tribes /
Statement of responsibility, etc T. Sankaraiah
260 ## - PUBLICATION, DISTRIBUTION, ETC. (IMPRINT)
Place of publication New Delhi :
Name of publisher/Sponsor Indian Council of Social Science Research,
Year of publication 2017
300 ## - PHYSICAL DESCRIPTION
Number of Pages V.P.
650 ## - SUBJECT ADDED ENTRY--TOPICAL TERM
Topical Term Socio-economic development
Geographic subdivision India
-- Andhra Pradesh
650 ## - SUBJECT ADDED ENTRY--TOPICAL TERM
Topical Term economic development
942 ## - ADDED ENTRY ELEMENTS (KOHA)
Source of classification or shelving scheme Dewey Decimal Classification
Koha item type Books
Holdings
Withdrawn status Lost status Damaged status Not for loan Collection code Home library Current library Date acquired Source of acquisition Full call number Accession Number Price effective from Koha item type
      Not For Loan Major Research Project Reports NASSDOC Library NASSDOC Library 12/11/2021 Gifted by: RP Division ICSSR RS.0801 51648 13/12/2021 Research Reports